000 01355nam a2200373 i 4500
001 ELB120439
003 FINmELB
005 20250326043451.0
006 m o u
007 cr cn|||||||||
008 211229s2019 ec ob 000 0 spa d
020 _z9789942792938
020 _a9781512973594
_q(e-book)
035 _a(OCoLC)1298603624
040 _aFINmELB
_bspa
_erda
_cFINmELB
050 1 4 _aTC145
_bG283 2019
080 _a626.8
082 0 4 _a627
_223
100 1 _aGavilánez Luna, Freddy,
_eautor.
245 1 3 _aLa hidráulica del ingeniero agrícola /
_cFreddy Gavilánez Luna.
264 1 _aQuito :
_bEditorial CIDEPRO,
_c2019.
300 _a1 recurso en línea (455 páginas)
336 _atexto
_btxt
_2rdacontent/spa
337 _acomputadora
_bc
_2rdamedia/spa
338 _arecurso en línea
_bcr
_2rdacarrier/spa
504 _aContiene bibliografía.
588 _aDescripción basada en metadatos suministrados por el editor y otras fuentes.
590 _aRecurso electrónico. Santa Fe, Arg.: elibro, 2021. Disponible vía World Wide Web. El acceso puede estar limitado para las bibliotecas afiliadas a elibro.
650 0 _aHydraulic engineering.
650 4 _aIngeniería hidráulica.
655 4 _aLibros electrónicos.
797 2 _aelibro, Corp.
856 4 0 _uhttps://elibro.net/ereader/usam/120439
999 _c147015
_d147015